| 000 | 00702cas a2200205 a 4500 | ||
|---|---|---|---|
| 082 |
_a371.00255194 _bEDU |
||
| 100 |
_aIbrahim Imran _947217 |
||
| 245 | 0 | 0 |
_aEducational directory of Pakistan. _b1999-2000 |
| 260 |
_aLahore, Pakistan : _bIbrahim Publishers, _c1996. |
||
| 300 |
_a1 v. : _bill. ; _c28 cm. |
||
| 526 |
_a0 _b0 _c0 _d371_002551940000000_EDU |
||
| 590 | _aSERBIB/SERLOC merged record | ||
| 650 | 0 |
_aEducation _zPakistan _919281 |
|
| 650 | 0 |
_aEducation _zPakistan _xSocieties, etc. _947157 |
|
| 650 | 0 |
_aSchools _zPakistan _947158 |
|
| 650 | 0 |
_aTrade schools _zPakistan _947159 |
|
| 650 | 0 |
_aUniversities and colleges _zPakistan _947160 |
|
| 710 | 2 |
_aIbrahim Publishers. _947161 |
|
| 942 |
_2ddc _cBK |
||
| 999 |
_c550511 _d550511 |
||